Residential leasehold reform 1993 (sound recording). (Record no. 85212)
[ view plain ]
| 000 -LEADER | |
|---|---|
| fixed length control field | 01082cgm a2200313 4500 |
| 001 - CONTROL NUMBER | |
| control field | E1826 |
| 008 - FIXED-LENGTH DATA ELEMENTS--GENERAL INFORMATION | |
| fixed length control field | 090401t1993 xxu||||| |||| 00| 0 eng d |
| 035 ## - SYSTEM CONTROL NUMBER | |
| System control number | (Sirsi) u35865 |
| 041 ## - LANGUAGE CODE | |
| Language code of text/sound track or separate title | eng |
| 050 ## - LIBRARY OF CONGRESS CALL NUMBER | |
| Classification number | 346.4104346 |
| 100 ## - MAIN ENTRY--PERSONAL NAME | |
| Personal name | Fox, Gerry |
| 245 ## - TITLE STATEMENT | |
| Title | Residential leasehold reform 1993 (sound recording). |
| 260 ## - PUBLICATION, DISTRIBUTION, ETC. | |
| Place of publication, distribution, etc. | London |
| Name of publisher, distributor, etc. | RICS |
| Date of publication, distribution, etc. | 1993 |
| 300 ## - PHYSICAL DESCRIPTION | |
| Extent | 1 sound cassette (60 min.) |
| 350 ## - PRICE (NR) (BK AM CF MU VM SE) [OBSOLETE] | |
| Price | 10.21 |
| 490 ## - SERIES STATEMENT | |
| Series statement | Owlion Audio Programme |
| 520 ## - SUMMARY, ETC. | |
| Summary, etc. | Describes the provisions in Part 1 of the Leasehold Reform, Housing and Urban Development Act 1993 relating to enfranchisement of blocks of flats and high value houses and to flat lease extensions. |
| 650 ## - SUBJECT ADDED ENTRY--TOPICAL TERM | |
| Topical term or geographic name entry element | AUDIO CASSETTES |
| 650 ## - SUBJECT ADDED ENTRY--TOPICAL TERM | |
| Topical term or geographic name entry element | LEASEHOLD FLATS |
| 650 ## - SUBJECT ADDED ENTRY--TOPICAL TERM | |
| Topical term or geographic name entry element | LEASEHOLD REFORM, HOUSING AND URBAN DEVELOPMENT ACT 1993 |
| 650 ## - SUBJECT ADDED ENTRY--TOPICAL TERM | |
| Topical term or geographic name entry element | RESIDENTIAL LEASES |
| 650 ## - SUBJECT ADDED ENTRY--TOPICAL TERM | |
| Topical term or geographic name entry element | RIGHT TO BUY |
| 690 ## - LOCAL SUBJECT ADDED ENTRY--TOPICAL TERM (OCLC, RLIN) | |
| Topical term or geographic name as entry element | LANDLORD AND TENANT-LEASEHOLD REFORM |
| 700 ## - ADDED ENTRY--PERSONAL NAME | |
| Personal name | Ellis, Jennifer |
| 700 ## - ADDED ENTRY--PERSONAL NAME | |
| Personal name | Petter, Jeremy N. |
| 710 ## - ADDED ENTRY--CORPORATE NAME | |
| Corporate name or jurisdiction name as entry element | Royal Institution of Chartered Surveyors |
| 9 (RLIN) | 4900 |
| 942 ## - ADDED ENTRY ELEMENTS (KOHA) | |
| Suppress in OPAC | 0 |
| 948 ## - LOCAL PROCESSING INFORMATION (OCLC); SERIES PART DESIGNATOR (RLIN) | |
| c (OCLC) | 04/03/1997 |
| Withdrawn status | Lost status | Source of classification or shelving scheme | Damaged status | Not for loan | Home library | Current library | Shelving location | Date acquired | Cost, normal purchase price | Total Checkouts | Full call number | Barcode | Date last seen | Date last checked out | Copy number | Cost, replacement price | Price effective from | Koha item type |
|---|---|---|---|---|---|---|---|---|---|---|---|---|---|---|---|---|---|---|
| Dewey Decimal Classification | London | London | Basement | 18/09/2002 | 15.00 | 4 | SHELF 330 | 30066696 | 06/08/2019 | 13/02/2007 | 1 | 15.00 | 06/08/2019 | Audio |